[Event "IND-ch (Women) 49th"]
[Site "Ahmedabad"]
[Date "2023.07.05"]
[Round "6"]
[White "Saranya, J."]
[Black "Jesumarian, Rebecca"]
[Result "0-1"]
[WhiteElo "2050"]
[BlackElo "1749"]
[PlyCount "110"]
[EventDate "2023.06.30"]
[EventType "swiss"]
[EventRounds "11"]
[EventCountry "IND"]
[SourceTitle "CBM 215 Extra"]
[Source "ChessBase"]
[SourceDate "2023.09.30"]
[SourceVersion "1"]
[SourceVersionDate "2023.09.30"]
[SourceQuality "1"]

1. e4 c5 2. c3 Nf6 3. e5 Nd5 4. d4 cxd4 5. Nf3 Nc6 6. cxd4 d6 7. Bc4 Nb6 8. Bb5 Bd7 9. Nc3 dxe5 10. dxe5 g6 11. 0-0 Bg7 12. Bf4 0-0 13. h3 a6 14. Bd3 Be6 15. Qe2 Nb4 16. Rfd1 N4d5 17. Nxd5 Nxd5 18. Bg3 Qb6 19. Ng5 Bh6 20. h4 Rac8 21. Be4 Bxg5 22. hxg5 Nb4 23. a3 Nc6 24. b4 Nd4 25. Qe3 Rc4 26. Rd3 a5 27. b5 Qc5 28. a4 Qb4 29. Rda3 Ne2+ 30. Qxe2 Rxe4 31. Re3 Rd4 32. Qe1 Rc8 33. Re2 Qxe1+ 34. Rexe1 Rcc4 35. f3 Rxa4 36. Bf2 Rdc4 37. Rxa4 Rxa4 38. Rd1 Kg7 39. Bc5 f6 40. exf6+ exf6 41. Bd4 Rc4 42. gxf6+ Kf7 43. Kf2 a4 44. Ke3 a3 45. g4 h5 46. gxh5 gxh5 47. Ke4 a2 48. f4 Rxd4+ 49. Kxd4 Kxf6 50. Ra1 Kf5 51. Ke3 h4 52. Rd1 Kg4 53. Rg1+ Kf5 54. Rd1 Bb3 55. Rg1 h3 0-1

[Event "IND-ch (Women) 46th"]
[Site "Managiri"]
[Date "2019.07.25"]
[Round "9"]
[White "Saranya, J."]
[Black "Mohota, Nisha"]
[Result "0-1"]
[WhiteElo "2067"]
[BlackElo "2221"]
[PlyCount "58"]
[EventDate "2019.07.19"]
[EventType "swiss"]
[EventRounds "11"]
[EventCountry "IND"]
[SourceTitle "EXT 2020"]
[Source "ChessBase"]
[SourceDate "2019.10.17"]
[SourceVersion "1"]
[SourceVersionDate "2019.10.17"]
[SourceQuality "1"]

1. e4 Nf6 2. e5 Nd5 3. d4 d6 4. c4 Nb6 5. exd6 cxd6 6. Nc3 g6 7. Be3 Bg7 8. Rc1 0-0 9. b3 Bf5 10. Be2 d5 11. c5 Nc8 12. Bf3 e5 13. dxe5 Nc6 14. Qxd5 Qa5 15. Qd2 Rd8 16. Qb2 N8e7 17. Be2 Nxe5 18. Nf3 Nd3+ 19. Bxd3 Bxd3 20. b4 Qa6 21. Qb3 Bc4 22. Qc2 Nf5 23. a4 Qe6 24. Ne2 Nxe3 25. fxe3 Bb3 26. Qb1 Qxe3 27. Kf1 Bd5 28. Ne1 Be4 29. Nc2 Bxg2+ 0-1

[Event "Gujarat op 1st"]
[Site "Ahmedabad"]
[Date "2018.10.07"]
[Round "3"]
[White "Raghunandan, Kaumandur Srihari"]
[Black "Saranya, J."]
[Result "1-0"]
[WhiteElo "2394"]
[BlackElo "2071"]
[PlyCount "91"]
[EventDate "2018.10.05"]
[EventType "swiss"]
[EventRounds "10"]
[EventCountry "IND"]
[SourceTitle "CBM 186 Extra"]
[Source "ChessBase"]
[SourceDate "2018.08.24"]
[SourceVersion "1"]
[SourceVersionDate "2018.08.24"]
[SourceQuality "1"]

1. d4 Nf6 2. c4 g6 3. Nc3 Bg7 4. e4 d6 5. h3 0-0 6. Be3 e5 7. d5 a5 8. g4 Na6 9. Nge2 Nc5 10. Ng3 Nfd7 11. h4 c6 12. h5 cxd5 13. cxd5 Nf6 14. f3 Bd7 15. Qd2 Ne8 16. Qh2 g5 17. Qd2 h6 18. Bb5 Bf6 19. Bxd7 Qxd7 20. Qe2 Nc7 21. Nf5 Kh7 22. 0-0 a4 23. Rac1 b6 24. Rfd1 Rfb8 25. Nb1 Nb5 26. Nd2 Nd4 27. Bxd4 exd4 28. Nc4 Be5 29. Nxd4 Bf4 30. Rc2 b5 31. Ne3 b4 32. Nc6 Rb7 33. Rc4 b3 34. a3 Re8 35. Nf5 Qc7 36. Qf2 Rb5 37. Qd4 Be5 38. Nxe5 dxe5 39. Qe3 Qb6 40. Kg2 Nd7 41. Rdc1 Qd8 42. Nd6 Rb6 43. Nxe8 Qxe8 44. Rc7 Rf6 45. Qa7 Nb6 46. R1c6 1-0

[Event "Penang op 8th"]
[Site "Penang"]
[Date "2016.12.09"]
[Round "8"]
[White "Paciencia, Enrique Rivas"]
[Black "Saranya, J."]
[Result "1/2-1/2"]
[WhiteElo "2331"]
[BlackElo "2064"]
[PlyCount "56"]
[EventDate "2016.12.05"]
[EventType "swiss"]
[EventRounds "9"]
[EventCountry "MAS"]
[SourceTitle "CBM 176 Extra"]
[Source "ChessBase"]
[SourceDate "2017.03.02"]
[SourceVersion "1"]
[SourceVersionDate "2017.03.02"]
[SourceQuality "1"]

1. d4 Nf6 2. c4 g6 3. g3 Bg7 4. Bg2 d6 5. Nc3 0-0 6. Nf3 c6 7. 0-0 Qa5 8. h3 e5 9. dxe5 dxe5 10. Qc2 Na6 11. a3 Be6 12. b3 Qc7 13. Be3 b5 14. Ng5 Bf5 15. Nce4 Rac8 16. Rac1 Qe7 17. Rfd1 b4 18. axb4 Nxb4 19. Qd2 Nxe4 20. Nxe4 Bxe4 21. Bxe4 Rcd8 22. Qe1 f5 23. Bg2 e4 24. h4 c5 25. Bf4 Be5 26. Bg5 Bf6 27. Bf4 Be5 28. Bg5 Bf6 1/2-1/2

[Event "IND-ch Challengers (Women) 43rd"]
[Site "Chennai"]
[Date "2016.06.25"]
[Round "11"]
[White "Nisha, N Patkar"]
[Black "Saranya, J."]
[Result "1/2-1/2"]
[WhiteElo "1686"]
[BlackElo "2081"]
[PlyCount "92"]
[EventDate "2016.06.17"]
[EventType "swiss"]
[EventRounds "11"]
[EventCountry "IND"]
[SourceTitle "CBM 173 Extra"]
[Source "ChessBase"]
[SourceDate "2016.08.29"]
[SourceVersion "1"]
[SourceVersionDate "2016.08.29"]
[SourceQuality "1"]

1. e4 c5 2. Nf3 d6 3. Bb5+ Bd7 4. Bxd7+ Qxd7 5. 0-0 Nc6 6. c3 Nf6 7. Re1 e5 8. d4 Be7 9. dxe5 dxe5 10. Qxd7+ Nxd7 11. Na3 0-0 12. Nc2 Rfd8 13. Ne3 Nb6 14. Bd2 f6 15. Rad1 Kf7 16. g3 g6 17. Nh4 Rd7 18. Bc1 Rad8 19. Rxd7 Rxd7 20. Rd1 Rxd1+ 21. Nxd1 Nc4 22. Ne3 Nd6 23. f3 Ke6 24. g4 Bd8 25. Kf1 c4 26. Ke2 b5 27. Kd2 Bb6 28. Nhg2 Ne7 29. b3 cxb3 30. axb3 b4 31. cxb4 Nc6 32. Nc2 Nb5 33. Bb2 Bg1 34. h3 Bd4 35. Bxd4 Ncxd4 36. Nxd4+ Nxd4 37. Ke3 g5 38. h4 h6 39. h5 Kd6 40. Ne1 Nxb3 41. Nc2 a5 42. bxa5 Nxa5 43. Kd3 Nc6 44. Kc4 Na5+ 45. Kd3 Nc6 46. Kc4 Na5+ 1/2-1/2

[Event "IND-ch Challengers (Women) 43rd"]
[Site "Chennai"]
[Date "2016.06.23"]
[Round "9"]
[White "Soumya, Swaminathan"]
[Black "Saranya, J."]
[Result "1-0"]
[WhiteElo "2346"]
[BlackElo "2081"]
[PlyCount "81"]
[EventDate "2016.06.17"]
[EventType "swiss"]
[EventRounds "11"]
[EventCountry "IND"]
[SourceTitle "CBM 173 Extra"]
[Source "ChessBase"]
[SourceDate "2016.08.29"]
[SourceVersion "1"]
[SourceVersionDate "2016.08.29"]
[SourceQuality "1"]

1. e4 c5 2. Nf3 d6 3. d4 cxd4 4. Nxd4 Nf6 5. Nc3 a6 6. Bg5 Nbd7 7. Qe2 Qa5 8. Bd2 Qc7 9. g4 h6 10. 0-0-0 Ne5 11. f3 Nc6 12. Nb3 Be6 13. Be3 Rc8 14. Kb1 b5 15. h4 Bc4 16. Qf2 Ne5 17. Bh3 b4 18. Na4 Nfd7 19. f4 Nc6 20. g5 e6 21. f5 Nce5 22. g6 Nf6 23. gxf7+ Qxf7 24. Nb6 Rc7 25. Nxc4 Nxc4 26. fxe6 Qh5 27. Bf4 Qb5 28. Qg2 Qc6 29. Rhe1 g5 30. hxg5 hxg5 31. Nd4 Qc5 32. e7 Rxe7 33. e5 Nxe5 34. Bxg5 Nd5 35. Nb3 Qc6 36. Rxd5 Rxh3 37. Bxe7 Bxe7 38. Rexe5 dxe5 39. Qg8+ Bf8 40. Rxe5+ Kd7 41. Qf7+ 1-0

[Event "IND-ch Challengers (Women) 43rd"]
[Site "Chennai"]
[Date "2016.06.21"]
[Round "7"]
[White "Saranya, J."]
[Black "Vijayalakshmi, Subbaraman"]
[Result "1/2-1/2"]
[WhiteElo "2081"]
[BlackElo "2384"]
[PlyCount "117"]
[EventDate "2016.06.17"]
[EventType "swiss"]
[EventRounds "11"]
[EventCountry "IND"]
[SourceTitle "CBM 173 Extra"]
[Source "ChessBase"]
[SourceDate "2016.08.29"]
[SourceVersion "1"]
[SourceVersionDate "2016.08.29"]
[SourceQuality "1"]

1. e4 c5 2. Nf3 Nc6 3. Bb5 g6 4. 0-0 Bg7 5. c3 e5 6. Na3 Nge7 7. Nc2 Qb6 8. Bc4 0-0 9. Rb1 Na5 10. Be2 d5 11. b4 dxe4 12. Ng5 cxb4 13. cxb4 Nac6 14. Ba3 Nd5 15. Bc4 Nce7 16. Ne3 h6 17. b5 hxg5 18. Nxd5 Nxd5 19. Bxf8 Nf4 20. Bxg7 Kxg7 21. Qb3 Qf6 22. Bd5 Bf5 23. Rbe1 Nd3 24. Rxe4 Nc5 25. Qe3 Bxe4 26. Qxc5 b6 27. Qc4 Bxd5 28. Qxd5 Rd8 29. Qb7 Rxd2 30. Qxa7 e4 31. Qa4 Qe5 32. Qc4 g4 33. a4 Qd4 34. Qxd4+ Rxd4 35. Ra1 Kf6 36. Kf1 Rb4 37. Rc1 Rxa4 38. Rc6+ Ke5 39. Rxb6 Ra1+ 40. Ke2 Ra2+ 41. Kf1 Rb2 42. Rb8 Kf4 43. Rb6 Ke5 44. Rb8 Kf4 45. Rb6 f5 46. Rxg6 Rxb5 47. Ra6 Rb1+ 48. Ke2 Rb2+ 49. Kf1 Kg5 50. g3 e3 51. fxe3 Rxh2 52. Re6 Ra2 53. e4 Ra3 54. Kg2 Re3 55. exf5 Rxe6 56. fxe6 Kf6 57. Kf2 Kxe6 58. Ke2 Kd6 59. Kd2 1/2-1/2

[Event "IND-ch Challengers (Women) 43rd"]
[Site "Chennai"]
[Date "2016.06.18"]
[Round "3"]
[White "Saranya, J."]
[Black "Arpita, Mukherjee"]
[Result "1-0"]
[WhiteElo "2081"]
[BlackElo "1910"]
[PlyCount "109"]
[EventDate "2016.06.17"]
[EventType "swiss"]
[EventRounds "11"]
[EventCountry "IND"]
[SourceTitle "CBM 173 Extra"]
[Source "ChessBase"]
[SourceDate "2016.08.29"]
[SourceVersion "1"]
[SourceVersionDate "2016.08.29"]
[SourceQuality "1"]

1. e4 e5 2. Nf3 Nc6 3. Bc4 Nf6 4. d3 Bc5 5. Nc3 d6 6. h3 h6 7. Be3 Bxe3 8. fxe3 Na5 9. Nd2 0-0 10. Qf3 Nxc4 11. Nxc4 Be6 12. Nd2 c6 13. 0-0 d5 14. Qg3 Nd7 15. Kh1 Qe7 16. a3 dxe4 17. Ndxe4 f5 18. Nd2 Qc5 19. Rae1 Qb6 20. Rb1 Rae8 21. b4 Nf6 22. Na4 Qc7 23. Nc5 Bc8 24. d4 b6 25. Nd3 Nh5 26. Qh4 e4 27. Ne5 Nf6 28. Qf2 c5 29. c3 Nd5 30. bxc5 bxc5 31. Rb5 Rxe5 32. Rxc5 Qe7 33. Nc4 Re6 34. Rxd5 Ba6 35. Rc5 Ref6 36. Qa2 Kh7 37. Rf2 f4 38. exf4 Rxf4 39. Rxf4 Rxf4 40. Kg1 Qf7 41. Qe2 Qb7 42. Qe3 Qb1+ 43. Kh2 Rf1 44. Nd2 Rh1+ 45. Kg3 Qe1+ 46. Qxe1 Rxe1 47. Re5 Re3+ 48. Kf4 Rxc3 49. Nxe4 Rxa3 50. Re7 Bf1 51. Nf6+ Kg6 52. Ne8 Ra6 53. Rxg7+ Kh5 54. Ke5 Be2 55. g3 1-0

[Event "Chennai op 8th"]
[Site "Chennai"]
[Date "2016.01.19"]
[Round "2"]
[White "Dzhumaev, Marat"]
[Black "Saranya, J."]
[Result "1-0"]
[WhiteElo "2495"]
[BlackElo "2151"]
[PlyCount "59"]
[EventDate "2016.01.18"]
[EventType "swiss"]
[EventRounds "10"]
[EventCountry "IND"]
[SourceTitle "CBM 170 Extra"]
[Source "ChessBase"]
[SourceDate "2016.02.25"]
[SourceVersion "1"]
[SourceVersionDate "2016.02.25"]
[SourceQuality "1"]

1. e4 c5 2. Nc3 d6 3. Bb5+ Bd7 4. Bxd7+ Qxd7 5. f4 Nc6 6. Nf3 g6 7. 0-0 Bg7 8. d3 0-0-0 9. Bd2 e6 10. Be3 Nge7 11. Qd2 Kb8 12. a3 h6 13. b4 Nd4 14. bxc5 dxc5 15. Ne5 Qe8 16. Rab1 Nec6 17. Nc4 f5 18. e5 Bf8 19. Nd1 a6 20. a4 Na7 21. c3 Ndc6 22. Ndb2 Qf7 23. Qf2 g5 24. Bxc5 Bxc5 25. Qxc5 gxf4 26. Nd6 Rxd6 27. exd6 Rg8 28. Nc4 Qg7 29. Rb2 Qxc3 30. Rxb7+ 1-0

[Event "Asia-ch U20 Girls"]
[Site "Bishkek"]
[Date "2015.10.06"]
[Round "4"]
[White "Saranya, J."]
[Black "Parnali, S Dharia"]
[Result "1-0"]
[WhiteElo "2137"]
[BlackElo "2130"]
[PlyCount "75"]
[EventDate "2015.10.03"]
[EventType "swiss"]
[EventRounds "9"]
[EventCountry "KGZ"]
[SourceTitle "CBM 168 Extra"]
[Source "ChessBase"]
[SourceDate "2015.10.29"]
[SourceVersion "1"]
[SourceVersionDate "2015.10.29"]
[SourceQuality "1"]

1. e4 e5 2. Nf3 Nc6 3. Bc4 Nf6 4. d3 Bc5 5. 0-0 h6 6. c3 d6 7. Bb3 0-0 8. h3 Bb6 9. Nbd2 Ne7 10. Re1 Be6 11. Bc2 Ng6 12. Nf1 Nh5 13. d4 Qf6 14. Ne3 Rad8 15. Ng4 Qe7 16. Nfh2 Nhf4 17. g3 Nxh3+ 18. Kg2 Ng5 19. f4 exf4 20. gxf4 Bxg4 21. Qxg4 Nh7 22. f5 Nf6 23. Qh3 Nh8 24. Kh1 Nh7 25. Ng4 f6 26. Nxh6+ gxh6 27. Rg1+ Ng5 28. Qxh6 Nhf7 29. Qg6+ Kh8 30. Rg4 Nh6 31. Qxh6+ Nh7 32. Bd2 Rg8 33. Rg6 c5 34. Rag1 cxd4 35. R1g4 d5 36. e5 dxc3 37. exf6 Qe2 38. Qxh7+ 1-0

[Event "IND-chB (Women) 42nd"]
[Site "Bhayandar"]
[Date "2015.07.11"]
[Round "11"]
[White "Swati, Ghate"]
[Black "Saranya, J."]
[Result "1-0"]
[WhiteElo "2279"]
[BlackElo "2128"]
[PlyCount "61"]
[EventDate "2015.07.02"]
[EventType "swiss"]
[EventRounds "11"]
[EventCountry "IND"]
[SourceTitle "CBM 167 Extra"]
[Source "ChessBase"]
[SourceDate "2015.09.14"]
[SourceVersion "1"]
[SourceVersionDate "2015.09.14"]
[SourceQuality "1"]

1. e4 c5 2. Nf3 d6 3. d4 cxd4 4. Nxd4 Nf6 5. Nc3 a6 6. h3 e6 7. g4 d5 8. Nde2 Bb4 9. a3 Bxc3+ 10. Nxc3 d4 11. Ne2 e5 12. c3 Nxe4 13. Bg2 Nc5 14. cxd4 exd4 15. Nxd4 Qe7+ 16. Be3 0-0 17. Qc2 a5 18. Rc1 Nba6 19. 0-0 a4 20. Nf5 Bxf5 21. Qxf5 Rac8 22. Rc4 b6 23. Rd1 Rcd8 24. Rcd4 Rxd4 25. Rxd4 g6 26. Qd5 Nc7 27. Qc6 N7e6 28. Rb4 Rd8 29. Rxb6 Rd1+ 30. Kh2 Qf6 31. Qxc5 1-0

[Event "IND-chB (Women) 42nd"]
[Site "Bhayandar"]
[Date "2015.07.07"]
[Round "7"]
[White "Vaishali, Ramesh Babu"]
[Black "Saranya, J."]
[Result "1-0"]
[WhiteElo "2276"]
[BlackElo "2128"]
[PlyCount "45"]
[EventDate "2015.07.02"]
[EventType "swiss"]
[EventRounds "11"]
[EventCountry "IND"]
[SourceTitle "CBM 167 Extra"]
[Source "ChessBase"]
[SourceDate "2015.09.14"]
[SourceVersion "1"]
[SourceVersionDate "2015.09.14"]
[SourceQuality "1"]

1. e4 Nc6 2. Nc3 d6 3. d4 g6 4. d5 Nb8 5. f4 Bg7 6. Nf3 c5 7. a4 Na6 8. Bb5+ Bd7 9. Bc4 Nc7 10. 0-0 Nh6 11. f5 Ng4 12. Bf4 a6 13. Ng5 Nh6 14. Ne6 fxe6 15. Bxh6 Bxh6 16. fxe6 Bxa4 17. Qf3 Qb8 18. Nxa4 b5 19. Qc3 Rg8 20. Rf7 bxa4 21. Raf1 Nxd5 22. Bxd5 Ra7 23. Rxh7 1-0

[Event "IND-chB (Women) 42nd"]
[Site "Bhayandar"]
[Date "2015.07.06"]
[Round "6"]
[White "Saranya, J."]
[Black "Kiran, Manisha Mohanty"]
[Result "1-0"]
[WhiteElo "2128"]
[BlackElo "2146"]
[PlyCount "63"]
[EventDate "2015.07.02"]
[EventType "swiss"]
[EventRounds "11"]
[EventCountry "IND"]
[SourceTitle "CBM 167 Extra"]
[Source "ChessBase"]
[SourceDate "2015.09.14"]
[SourceVersion "1"]
[SourceVersionDate "2015.09.14"]
[SourceQuality "1"]

1. e4 c5 2. b3 Nc6 3. Bb2 a6 4. Nf3 d6 5. d4 cxd4 6. Nxd4 e5 7. Nxc6 bxc6 8. c4 Nf6 9. Nc3 Be7 10. Be2 0-0 11. 0-0 Be6 12. Bf3 Nd7 13. Qe2 Qc7 14. Rac1 Bg5 15. Rc2 f5 16. Rd1 Rad8 17. exf5 Bxf5 18. Ne4 Be7 19. Rcd2 Nf6 20. Ng3 Bg6 21. c5 d5 22. Bxe5 Qa5 23. h4 Bxc5 24. h5 Be4 25. Bxf6 Rde8 26. Bxe4 dxe4 27. Qc4+ Kh8 28. Bc3 Qb6 29. h6 Bxf2+ 30. Kh1 Re7 31. hxg7+ Rxg7 32. Nh5 1-0

[Event "IND-chB (Women) 42nd"]
[Site "Bhayandar"]
[Date "2015.07.03"]
[Round "3"]
[White "Sachdev, Tania"]
[Black "Saranya, J."]
[Result "1/2-1/2"]
[WhiteElo "2413"]
[BlackElo "2128"]
[PlyCount "74"]
[EventDate "2015.07.02"]
[EventType "swiss"]
[EventRounds "11"]
[EventCountry "IND"]
[SourceTitle "CBM 167 Extra"]
[Source "ChessBase"]
[SourceDate "2015.09.14"]
[SourceVersion "1"]
[SourceVersionDate "2015.09.14"]
[SourceQuality "1"]

1. d4 Nf6 2. c4 g6 3. f3 d5 4. cxd5 Nxd5 5. e4 Nb6 6. Nc3 Bg7 7. Be3 0-0 8. Qd2 Nc6 9. 0-0-0 f5 10. e5 Nb4 11. Nh3 c6 12. Nf4 Kh8 13. h4 N4d5 14. h5 Nxf4 15. Bxf4 gxh5 16. Rxh5 Qe8 17. Rh2 Be6 18. Bd3 Rd8 19. Rdh1 Qg6 20. g4 Rxd4 21. gxf5 Bxf5 22. Bxf5 Rxd2 23. Bxg6 Rxh2 24. Rxh2 Rxf4 25. Bxh7 Bxe5 26. Be4+ Kg8 27. Ne2 Rf7 28. Rg2+ Rg7 29. Rxg7+ Kxg7 30. b4 a6 31. Kc2 Kf6 32. Kb3 e6 33. a4 Nc8 34. Bd3 Ne7 35. Be4 Nc8 36. Bd3 Ne7 37. Be4 Nc8 1/2-1/2

[Event "IND-chB (Women) 42nd"]
[Site "Bhayandar"]
[Date "2015.07.02"]
[Round "1"]
[White "Saranya, J."]
[Black "Shweta"]
[Result "1-0"]
[WhiteElo "2128"]
[BlackElo "1399"]
[PlyCount "71"]
[EventDate "2015.07.02"]
[EventType "swiss"]
[EventRounds "11"]
[EventCountry "IND"]
[SourceTitle "CBM 167 Extra"]
[Source "ChessBase"]
[SourceDate "2015.09.14"]
[SourceVersion "1"]
[SourceVersionDate "2015.09.14"]
[SourceQuality "1"]

1. e4 e6 2. Nf3 d5 3. Nc3 c5 4. exd5 exd5 5. Bb5+ Nc6 6. d4 c4 7. 0-0 Be7 8. Ne5 Qd6 9. Bf4 Bd7 10. Nxc6 Qxf4 11. Ne5 Bxb5 12. Nxd5 Qf5 13. Nc7+ Kf8 14. Nxb5 f6 15. Qf3 Qxf3 16. Nxf3 a6 17. Nc7 Rc8 18. Nd5 Bd6 19. Rfe1 Ne7 20. Ne3 h5 21. Nd2 b5 22. a4 Kf7 23. Ne4 Rcd8 24. axb5 axb5 25. Nxd6+ Rxd6 26. Ra7 Re8 27. Nf5 Re6 28. Rxe6 Kxe6 29. Nxg7+ Kf7 30. Nxe8 Kxe8 31. Rb7 Nf5 32. Rxb5 Nxd4 33. Rc5 Nxc2 34. Rxc4 Na1 35. Rc3 Kd7 36. b4 1-0

[Event "New Delhi Parsvnath op 13th"]
[Site "New Delhi"]
[Date "2015.01.13"]
[Round "7"]
[White "Murali Krishnan, BT."]
[Black "Saranya, J."]
[Result "1-0"]
[WhiteElo "2283"]
[BlackElo "2111"]
[PlyCount "125"]
[EventDate "2015.01.09"]
[EventType "tourn"]
[EventRounds "10"]
[EventCountry "IND"]
[SourceTitle "CBM 164 Extra"]
[Source "ChessBase"]
[SourceDate "2015.03.02"]
[SourceVersion "1"]
[SourceVersionDate "2015.03.02"]
[SourceQuality "1"]

1. d4 Nf6 2. c4 g6 3. Nc3 Bg7 4. e4 d6 5. f3 0-0 6. Be3 e5 7. Nge2 c6 8. Qd2 Nbd7 9. 0-0-0 a6 10. g4 b5 11. d5 Nb6 12. Ng3 b4 13. Nb1 cxd5 14. cxd5 Bd7 15. Qxb4 Na4 16. Rd2 Rb8 17. Qa3 Bb5 18. Rc2 Qd7 19. Bxb5 axb5 20. b3 Nc5 21. Bxc5 dxc5 22. g5 b4 23. Qa6 Nh5 24. Nxh5 gxh5 25. Nd2 Rbc8 26. Kb1 Qh3 27. Qf1 Qd7 28. Qf2 Qe7 29. Rg1 Kh8 30. h4 f6 31. Nc4 f5 32. Qe2 fxe4 33. fxe4 Rf4 34. d6 Qe6 35. Rd2 Rd8 36. Qe3 Qg6 37. Re1 Rxh4 38. Rd5 Rg4 39. d7 Rxg5 40. Qxc5 Rg2 41. Qc7 Qg5 42. Nxe5 Bxe5 43. Rxe5 Rb2+ 44. Kxb2 Qd2+ 45. Qc2 Qd4+ 46. Kb1 Qxe5 47. Rd1 h6 48. Rd5 Qe6 49. Qd3 Kg8 50. Rd6 Qg4 51. Qd5+ Kh8 52. Qd4+ Kg8 53. Qc4+ Kh7 54. Qf7+ Qg7 55. Qf5+ Kh8 56. e5 Qg1+ 57. Kc2 Qc5+ 58. Kd1 Qg1+ 59. Ke2 Qg2+ 60. Kd3 Qg7 61. Ke4 h4 62. Rg6 Qe7 63. Qf6+ 1-0

[Event "New Delhi Parsvnath op 13th"]
[Site "New Delhi"]
[Date "2015.01.11"]
[Round "4"]
[White "Saranya, J."]
[Black "Neelash, Saha"]
[Result "1-0"]
[WhiteElo "2111"]
[BlackElo "2010"]
[PlyCount "39"]
[EventDate "2015.01.09"]
[EventType "tourn"]
[EventRounds "10"]
[EventCountry "IND"]
[SourceTitle "CBM 164 Extra"]
[Source "ChessBase"]
[SourceDate "2015.03.02"]
[SourceVersion "1"]
[SourceVersionDate "2015.03.02"]
[SourceQuality "1"]

1. e4 e6 2. Nf3 c5 3. d4 cxd4 4. Nxd4 a6 5. c4 Nf6 6. Nc3 Bb4 7. Bd3 Nc6 8. Nde2 0-0 9. 0-0 Ne5 10. h3 Qc7 11. Bg5 Nxc4 12. Bxc4 Qxc4 13. Bxf6 gxf6 14. Rc1 Bxc3 15. Nxc3 Kh8 16. Qd6 Rg8 17. Qe7 b5 18. Qxf6+ Rg7 19. Nd5 Qxe4 20. Qd8+ 1-0